LEGO Pirates of the Caribbean: The Video Game Characters - Statistics

General Stats
  • This quiz has been taken 34 times
    7 since last reset
  • The average score is 38 of 114
Answer Stats
Answer % Correct
Captain Barbossa
100%
Captain Jack Sparrow
100%
Will Turner
100%
Blackbeard
83%
Captain Elizabeth
83%
Captain Elizabeth (Robes)
83%
Davy Jones
83%
Elizabeth (Pirate)
83%
Elizabeth (Redcoat)
83%
Elizabeth Swann
83%
Elizabeth (Trader)
83%
Elizabeth (Undergarments)
83%
Imaginary Jack (Bomb)
83%
Imaginary Jack (Pistol)
83%
Imaginary Jack (Spade)
83%
Jack Sparrow
83%
Jack Sparrow (Chief)
83%
Jack Sparrow (Cursed)
83%
Jack Sparrow (Waistcoat)
83%
Privateer Barbossa
83%
Bootstrap Bill Turner
67%
James Norrington
67%
Mr. Gibbs
67%
Norrington (Disgraced)
67%
Angelica
50%
Angelica (Disguised)
50%
Angry Cannibal
50%
Hungry Cannibal
50%
Lord Cutler Beckett
50%
Mullroy
50%
Tattoo Piirate
50%
Anamaria
33%
Angry Pirate
33%
Bo'sun
33%
Cotton
33%
Dangerous Pirate
33%
Dutchman Pirate
33%
Governor Weatherby Swann
33%
Guard Dog
33%
King George
33%
Mallot
33%
Marty
33%
Mr. Brown
33%
Murtogg
33%
Nervous Pirate
33%
Park
33%
Penrod
33%
Philip
33%
Pintel
33%
Pintel (Dress)
33%
Quartermaster
33%
Ragetti
33%
Ragetti (Dress)
33%
Sao Feng
33%
Singapore Pirate
33%
Syrena
33%
Tia Dalma
33%
Town Pirate
33%
Twigg
33%
Worried Pirate
33%
Zombie Pirate
33%
Ancient Sailor
17%
Angler
17%
Captain Bellamy
17%
Clubba
17%
Company Soldier
17%
Cook
17%
Crash
17%
Derrick
17%
Garheng
17%
Gentleman Jocard
17%
Gunner
17%
Hadras
17%
Jacoby
17%
Jelly
17%
Jimmy Legs
17%
Koehler
17%
Koleniko
17%
Lian
17%
Lieutenant Groves
17%
Maccus
17%
Mistress Ching
17%
Mr. Mercer
17%
Salaman
17%
Scrum
17%
Soldier
17%
Spanish Soldier
17%
Tai Huang
17%
The Spaniard
17%
Ammand the Corsair
0%
Broondjongen
0%
Capitaine Chevalle
0%
Clanker
0%
Company Officer
0%
Eduardo Villanueva
0%
Finnegan
0%
Giselle
0%
Grapple
0%
Mermaid
0%
Officer
0%
Rifleman
0%
River Lady
0%
River Man
0%
Scarlett
0%
Scratch
0%
Singapore Lady
0%
Singapore Man
0%
Spanish Officer
0%
Sri Sumbhajee Angria
0%
Town Girl
0%
Town Lady
0%
Town Man
0%
Wheelback
0%
Wyvern
0%
No matching quizzes found
Score Distribution
Percent of People with Each Score
Percentile by Number Answered
Your Score History
You have not taken this quiz since the last reset